Ở một nơi không tìm thấy thiên đường Tập truyện
v.v...
Đã lưu trong:
| Tác giả chính: | |
|---|---|
| Định dạng: | Sách |
| Năm xuất bản: |
Tp. Hồ Chí Minh
Văn nghệ,
1999
|
| Chủ đề: | |
| Tags: |
Thêm thẻ
Không có thẻ, Hãy là người đầu tiên gắn thẻ bản ghi này!
|
| LEADER | 00928nam a2200193 4500 | ||
|---|---|---|---|
| 082 | |a 895.922334 |b C455T | ||
| 100 | |a Công Tôn Huyền | ||
| 245 | |a Ở một nơi không tìm thấy thiên đường |c Công Tôn Huyền |b Tập truyện | ||
| 260 | |a Tp. Hồ Chí Minh |b Văn nghệ, |c 1999 | ||
| 300 | |a 143 tr. |c 19 cm. | ||
| 500 | |a Nội dung: Mùa bão rớt, Ở một nơi không tìm thấy thiên đường, Khu vườn bên kia cầu... | ||
| 520 | |a v.v... | ||
| 653 | |a Văn học hiện đại | ||
| 653 | |a Việt Nam | ||
| 653 | |a Truyện ngắn | ||
| 942 | |2 ddc |c STK0 | ||
| 999 | |c 1577 |d 1577 | ||
| 952 | |0 0 |1 0 |2 ddc |4 0 |6 895_922334000000000_C455T |7 1 |8 800 |9 26876 |a qbu |b qbu |c D5 |d 2014-12-09 |g 12500 |o 895.922334 C455T |p 1094.c1 |r 0000-00-00 |w 2014-12-09 |y STK0 | ||
| 952 | |0 0 |1 0 |2 ddc |4 0 |6 895_922334000000000_C455T |7 0 |8 800 |9 26877 |a qbu |b qbu |c D5 |d 2014-12-09 |g 12500 |l 2 |m 1 |o 895.922334 C455T |p 1094.c2 |r 2017-09-11 |s 2017-08-23 |w 2014-12-09 |y STK0 | ||